ARRUPE JESUIT UNIVERSITY

CORONAVIRUS -STOP THE SPREAD - CLEAN,DISINFECT,COVER

Collaborative ministry (Record no. 120425)

MARC details
000 -LEADER
fixed length control field 00399nam a22001337a 4500
005 - DATE AND TIME OF LATEST TRANSACTION
control field 20140423115513.0
008 - FIXED-LENGTH DATA ELEMENTS--GENERAL INFORMATION
fixed length control field 140423b xxu||||| |||| 00| 0 eng d
050 ## - LIBRARY OF CONGRESS CALL NUMBER
Classification number BX1913.
Item number C67
100 ## - MAIN ENTRY--PERSONAL NAME
Personal name Sofield, Loughlan
9 (RLIN) 9935
245 ## - TITLE STATEMENT
Title Collaborative ministry
Remainder of title skills and guidelines
Statement of responsibility, etc Sofield, Loughlan
260 ## - PUBLICATION, DISTRIBUTION, ETC. (IMPRINT)
Place of publication, distribution, etc Indiana
Name of publisher, distributor, etc Ave Maria Press
Date of publication, distribution, etc 1987
300 ## - PHYSICAL DESCRIPTION
Extent 134p.;
Dimensions 23cm.
942 ## - ADDED ENTRY ELEMENTS (KOHA)
Source of classification or shelving scheme Library of Congress Classification
Item type Monograph ( Printed materials)
Holdings
Withdrawn status Lost status Source of classification or shelving scheme Damaged status Not for loan Collection code Home library Current library Shelving location Date acquired Total Checkouts Full call number Barcode Date last seen Price effective from Koha item type
    Library of Congress Classification     Main Collection ARRUPE LIBRARY ARRUPE LIBRARY Main Collection 23/04/2014   BX1913. C67 46500001602 22/11/2017 23/04/2014 Monograph ( Printed materials)

 

Arrupe Library. PO Box MP320 Mt Pleasant, Harare, Zimbabwe
263 242 745411|librarian@aju.ac.zw